000 00566nam a2200205 a 4500
001 17689
003 CO-ViMGA
008 141112s2004 ck r 000 u spa d
020 _a9586079066
040 _aCO-ViMGA
_bspa
_cCO-ViMGA
082 0 4 _a323.4 S171d
100 1 _aJaramillo, Ruben Darío
_92832
245 1 0 _aDerechos humanos y acción de tutela
260 _aBogotá,
_cSan Pablo,
_c2002
300 _a41.p.
590 _aForma de adquisición : Premio - Mincultura
650 1 4 _aACCION DE TUTELA
_92833
650 1 4 _aDERECHOS HUMANOS
_955
942 _2ddc
_cBK
999 _c9712
_d9712